Leader xxxxxxxxxx
001 __ PCLIS00035332
005 __ 20230322132945.0
010 0_ |a957-13-4247-5|b平裝|dNT$260
010 0_ |a978-957-13-4247-4|b平裝|dNT$260
100 __ |a20050506d2005 m y0chiy09 e
101 1_ |achi|cjpn
102 __ |atw
105 __ |aa z 000ay
200 1_ |a黑夜之後|e|f村上春樹著|g賴明珠譯
205 __ |a初版
210 __ |a臺北市|c時報文化|d2005[民94]
215 0_ |a230面|c圖|d21公分
225 1_ |a藍小說|v941
300 __ |a本館最新館藏為2016年七刷
454 _1 |12001 |aヤиУみФみヱ|zjpn
606 __ |2cst|a長篇小說
681 __ |a861.57|b8354
700 _1 |a村上|b春樹|f1949- |4著
702 _1 |a賴|b明珠|f1947- |4譯
801 _0 |atw|b內湖高中|c20050506|gCCR
801 _0 |atw|b內湖高中|c20160421|gCCR
801 _2 |atw|b內湖高中|c20230322|gCCR
|